Rapper's Birthplaces (City) - Statistics

General Stats
  • This quiz has been taken 131 times
  • The average score is 8 of 16
Answer Stats
Rapper Answer % Correct
Eminem Detroit
81%
Kanye West Chicago
77%
Drake Toronto
73%
Kendrick Lamar Compton
72%
Travis Scott Houston
59%
Joey Badass New York City
59%
Lil Wayne New Orleans
55%
Meek Mill Philadelphia
47%
T.I. Atlanta
40%
Rick Ross Miami
35%
Macklemore Seattle
35%
The Game Los Angeles
34%
Mac Miller Pittsburgh
32%
Iggy Azalea Sydney
31%
M.I.A. London
15%
Wale Washington D.C.
14%
No matching quizzes found
Score Distribution
Percent of People with Each Score
Percentile by Number Answered
Your Score History
You have not taken this quiz